Creative growth with handwriting /
Guardado en:
| Autor Principal: | |
|---|---|
| Otros Autores: | |
| Formato: | Libro |
| Publicado: |
Ohio :
Zaner-bloser,
1975
|
| Edición: | 2a. ed. |
| Materias: | |
| Etiquetas: |
Agregar Etiqueta
Sin Etiquetas, Sea el primero en etiquetar este registro!
|
| LEADER | 00524nam a22001935a 4500 | ||
|---|---|---|---|
| 001 | CEM.cems000833 | ||
| 005 | 20060210000000.0 | ||
| 008 | 130507s1975##################000#0#####d | ||
| 003 | CEMS | ||
| 082 | 0 | 4 | |a 372.24 |
| 100 | 1 | |a Barbe, Walter B. | |
| 245 | 1 | 0 | |a Creative growth with handwriting / |
| 250 | |a 2a. ed. | ||
| 260 | |a Ohio : |b Zaner-bloser, |c 1975 | ||
| 300 | |a 64 p. | ||
| 653 | |a Educacion | ||
| 653 | |a Educacion preescolar | ||
| 700 | 1 | |a Lucas, Virginia H. | |
| 859 | |a CEMS |b BIB. CEMS - 11 de abril |h 372.24 |i B232a2 |p 9550.81 |t Ej.1 | ||
